Größte Städte, die an keinem bedeutenden Gewässer liegen - Statistiken

Allgemein
  • Dieses Quiz wurde 41 mal gespielt
  • Das Durchschnittsergebnis liegt bei 6 aus 26
Antwortstatistiken
EW in Mill. Metropole % Korrekt
21,5 Beijing
75%
25,4 Mexico City
69%
6,7 Madrid
58%
16,8 Teheran
42%
10,6 Bogota
39%
7,8 Dallas
39%
14,8 Johannesburg
39%
7,7 Riyadh
33%
7,2 Houston
31%
6,9 Nairobi
28%
22,6 Sao Paulo
25%
14,7 Bangalore
22%
6,2 Mailand
19%
8,4 Santiago
19%
18,1 Chengdu
17%
6,2 Atlanta
11%
11,7 Tientsin
11%
6,2 Amman
8%
11,7 Hyderabad
8%
6,2 Monterrey
8%
7,0 Bandung
6%
6,0 Guadalajara
6%
8,2 Hofei
6%
9,5 Kuala Lumpur
3%
10,3 Zhengzhou
3%
8,0 Poona
0%
Keine übereinstimmenden Quizze gefunden
Verteilung der Resultate
Anzahl Personen mit jedem Resultat
Perzentil nach korrekt beantworteten Fragen
Ihre Resultats-Entwicklung
Sie haben dieses Quiz noch nicht gespielt